000 00551nam a2200217 a 4500
001 BRL_298
005 20190320210657.0
008 230713s1966----mx-#######---#000-f#spa-#
041 _aspa
044 _amx
050 4 _aPQ7297
_b.V35 1966
100 1 _aValadés, Edmundo
_d1915-
_923486
245 1 0 _aLas dualidades funestas
_cEdmundo Valadés.
260 _aMéxico
_bJoaquín Mortiz
_c1966
300 _a125 p.
_c18 cm.
440 0 _aSerie del volador
_923487
500 _aAu2326
650 1 4 _aCuentos
_910272
902 _aGRL
942 _2lcc
_cB
999 _c9111
_d9111